000 00301 a2200145 4500
001 155679
040 _cEscola São Tomás de Aquino
100 _aVICENTE, Gil
240 1 0 _aGil Vicente
_lpor
245 1 0 _aGil Vicente
300 _a108
362 0 _a1982
697 _aGENERALIDADES
942 _cBK
999 _c155679
_d155679